Brothers Grimm Fairy Tales - Statistics

General Stats
  • This quiz has been taken 220 times
  • The average score is 5 of 14
Answer Stats
German English % Correct
Hänsel und Gretel Hansel and Gretel
95%
Schneewittchen Snow White
76%
Aschenputtel Cinderella
69%
Die goldene Gans The Golden Goose
55%
Rumpelstilzchen Rumpelstiltskin
51%
Der Froschkönig The Frog Prince
49%
Dornröschen Little Briar-Rose (Sleeping Beauty)
47%
Rotkäppchen Red Riding Hood
45%
Schneeweißchen und Rosenrot Snow White and Rose Red
25%
Von dem Fischer und seiner Frau The Fisherman and his Wife
21%
Die Bremer Stadtmusikanten The Musicians of Bremen
7%
Daumling Tom Thumb
5%
Das tapfere Schneiderlein The Brave Little Tailor
4%
Die Wichtelmänner The Elves and the Shoemaker
2%
No matching quizzes found
Score Distribution
Percent of People with Each Score
Percentile by Number Answered
Your Score History
You have not taken this quiz